000 00640nam a2200193 4500
005 20231128115231.0
010 _aENG-138467
020 _a9789354424533
_c1125.00
035 _aEN-121999
037 _bDBAD/PUB
082 _a303.6
_2First
100 _aChaturvedi, Ruchi
_959095
245 _aViolence Of Democracy:
_bInterparty Conflicts in South India/
_cBy Ruchi Chaturvedi
250 _aFirst
260 _aHyderabad
_bOirent Blackswan Private Limited
_c2024
270 _a3-6-752 Himayat nagar
_bHyderabad
_e500029
_minfo@orientblackswan.com
300 _a250p.
_c23cm(pbk)
_bindex
942 _2ddc
_cEN
_h303.6
_mCHA
999 _c199245
_d199245